000 00293nam a22001337a 4500
008 181022b xxu||||| |||| 00| 0 eng d
020 _a9155421903
041 _aeng
080 _a316
100 _a50
101 _asoc
245 _aBriewealth Women Land
_cHkansson.TH
942 _2udc
_cBK
999 _c50435
_d50435